| 000 | 00400nam a2200133Ia 4500 | ||
|---|---|---|---|
| 008 | 240719s9999 xx 000 0 und d | ||
| 041 | _aeng | ||
| 082 | _a338.0973 DUN | ||
| 100 | _aDunlop Sandy | ||
| 245 | _aBusiness Heroes Making Business Renewal You Personal Crusade | ||
| 260 |
_aUnited Kingdom _bCAPSTONE _c1997 |
||
| 300 | _a169.; P. 24 Cm. | ||
| 520 | _aGifted By : IMT Faculty Dr.senthil kumar | ||
| 999 |
_c41240 _d41240 |
||